Normal view
MARC view
- Engineering Fluids mechanics
Entry Topical Term
001 - CONTROL NUMBER
- control field: 126448
003 - CONTROL NUMBER IDENTIFIER
- control field: NUST
005 - DATE AND TIME OF LATEST TRANSACTION
- control field: 20241023163121.0
008 - FIXED-LENGTH DATA ELEMENTS
- fixed length control field: 241023|| aca||aabn | a|a d
040 ## - CATALOGING SOURCE
- Original cataloging agency: NUST
- Transcribing agency: NUST
150 ## - HEADING--TOPICAL TERM
- Topical term or geographic name entry element: Engineering Fluids mechanics
670 ## - SOURCE DATA FOUND
- Source citation: Work cat.: (NUST): John A. Roberson 125650, Engineering Fluids mechanics, 1993.
